MARC details
| 000 -LEADER |
| campo de control de longitud fija |
01338nam a22002657a 4500 |
| 003 - IDENTIFICADOR DE NÚMERO DE CONTROL |
| campo de control |
CoMeUDC |
| 005 - FECHA Y HORA DE LA ÚLTIMA TRANSACCIÓN |
| campo de control |
20230706110757.0 |
| 008 - DATOS DE LONGITUD FIJA--INFORMACIÓN GENERAL |
| campo de control de longitud fija |
210804b ||||| |||| 00| 0 eng d |
| 020 ## - NÚMERO INTERNACIONAL ESTÁNDAR DEL LIBRO |
| Número Internacional Estándar del Libro |
9789586967952 |
| 040 ## - FUENTE DE CATALOGACIÓN |
| Centro/agencia transcriptor |
Co-UdeC |
| 082 ## - NÚMERO DE LA CLASIFICACIÓN DECIMAL DEWEY |
| Número de clasificación |
808 |
| Número de ítem |
A664 |
| 100 ## - ENTRADA PRINCIPAL--NOMBRE DE PERSONA |
| 9 (RLIN) |
1784 |
| Nombre de persona |
Arbeláez Rojas, Olga Lucía |
| Término indicativo de función/relación |
compiladora |
| 245 ## - MENCIÓN DEL TÍTULO |
| Título |
Lectura y escritura en la universidad : |
| Resto del título |
lengua y cultura / |
| Mención de responsabilidad, etc. |
Olga Lucía Arbeláez Rojas, Adriana del S. Álvarez Correa, Juan Eliseo Montoya Marín. |
| 260 ## - PUBLICACIÓN, DISTRIBUCIÓN, ETC. |
| Lugar de publicación, distribución, etc. |
Medellín : |
| Nombre del editor, distribuidor, etc. |
Universidad Pontificia Bolivariana, |
| Fecha de publicación, distribución, etc. |
2011. |
| 300 ## - DESCRIPCIÓN FÍSICA |
| Extensión |
286 p. : |
| Otras características físicas |
byn; |
| Dimensiones |
23 cm. |
| 440 ## - MENCIÓN DE SERIE/PUNTO DE ACCESO ADICIONAL--TÍTULO |
| 9 (RLIN) |
1785 |
| Título |
Lengua y cultura |
| Número de parte o sección de la obra |
4 |
| 500 ## - NOTA GENERAL |
| Nota general |
Educación y pedagogía |
| 505 ## - NOTA DE CONTENIDO CON FORMATO |
| Nota de contenido con formato |
Cultura: lenguaje e interpretación, 31 -- La metáfora: construcción de la realidad, 41 -- Sobre la abducción, 53 -- Referentes prohibidos del lenguaje y la ciudad, 83 -- La cinta de Moebius o el lenguaje y la escisión de la realidad: artículo, 97 -- El párrafo, 113 -- El resumen, 133 -- La prosa científica, 145 -- La crónica, 163 -- La relatoría, 173 -- El ensayo, 189 -- Proyecto de aula, 211. |
| 650 #0 - PUNTO DE ACCESO ADICIONAL DE MATERIA--TÉRMINO DE MATERIA |
| 9 (RLIN) |
1786 |
| Término de materia o nombre geográfico como elemento de entrada |
Lectura |
| 650 #0 - PUNTO DE ACCESO ADICIONAL DE MATERIA--TÉRMINO DE MATERIA |
| 9 (RLIN) |
1787 |
| Término de materia o nombre geográfico como elemento de entrada |
Lectoescritura |
| 650 #0 - PUNTO DE ACCESO ADICIONAL DE MATERIA--TÉRMINO DE MATERIA |
| 9 (RLIN) |
1788 |
| Término de materia o nombre geográfico como elemento de entrada |
Lenguaje |
| 700 ## - ENTRADA AGREGADA--NOMBRE PERSONAL |
| 9 (RLIN) |
1789 |
| Nombre de persona |
Alvarez Correa, Adriana del S. |
| Término indicativo de función/relación |
compiladora |
| 700 ## - ENTRADA AGREGADA--NOMBRE PERSONAL |
| 9 (RLIN) |
1790 |
| Nombre de persona |
Montoya Marín, Juan Eliseo |
| Término indicativo de función/relación |
compilador |
| 942 ## - ELEMENTOS DE ENTRADA SECUNDARIOS (KOHA) |
| Fuente del sistema de clasificación o colocación |
Clasificación Decimal Dewey |
| Tipo de ítem Koha |
Libros |